000 00394cam a22001217a 4500
008 180718b1966 xxu||||| |||| 00| 0 eng d
082 _aA81x54 In2/61/1/Pt4A/2
100 _aCensus of India 1961
245 _aIndia: report on industrial establishments
260 _aDelhi
_bThe Manager of Publications
_c1966
300 _a338+p.
440 _aCensus of India 1961. Volume I, India. Part IV-A (ii)
999 _c483990
_d483990